Genaral Studies (Record no. 209487)
[ view plain ]
| 000 -LEADER | |
|---|---|
| fixed length control field | 00473nam a22001817a 4500 |
| 005 - DATE AND TIME OF LATEST TRANSACTION | |
| control field | 20250219155239.0 |
| 010 ## - LCCN (DPL NO) | |
| LC control number | ENG-143863 |
| 020 ## - INTERNATIONAL STANDARD BOOK NUMBER | |
| Terms of availability | 65.00 |
| International Standard Book Number | 8181803310 |
| 035 ## - SYSTEM CONTROL NUMBER | |
| System control number | EN-1274397 |
| 037 ## - SOURCE OF ACQUISITION | |
| Source of stock number/acquisition | DBAD |
| 082 ## - DEWEY DECIMAL CLASSIFICATION NUMBER | |
| Classification number | 000 |
| Edition number | 01 |
| 100 ## - MAIN ENTRY--PERSONAL NAME | |
| Personal name | Lakshimi M.V. |
| 245 ## - TITLE STATEMENT | |
| Title | Genaral Studies |
| Statement of responsibility, etc | M.V. Lakshmi |
| Medium | English |
| 260 ## - PUBLICATION, DISTRIBUTION, ETC. (IMPRINT) | |
| Place of publication, distribution, etc | Hyderabad |
| Name of publisher, distributor, etc | Telugu Akademi |
| Date of publication, distribution, etc | 2017 |
| 270 ## - ADDRESS | |
| City | Hyderabad |
| 300 ## - PHYSICAL DESCRIPTION | |
| Extent | 155pp |
| Dimensions | 28cm(pbk) |
| 942 ## - ADDED ENTRY ELEMENTS (KOHA) | |
| Source of classification or shelving scheme | Dewey Decimal Classification |
| Item type | English Books |
| Classification part | 000 |
| Edition | LAK |
| Withdrawn status | Lost status | Not for loan | Collection code | Home library | Current library | Date acquired | Source of acquisition | Cost, normal purchase price | Full call number | Barcode | Cost, replacement price | Koha item type |
|---|---|---|---|---|---|---|---|---|---|---|---|---|
| Non-fiction | Central Library | Central Library | 19/02/2025 | DBAD | 65.00 | 000 | EN-127395 | 65.00 | English Books |
